El astillero

Αποθηκεύτηκε σε:
Λεπτομέρειες βιβλιογραφικής εγγραφής
Κύριος συγγραφέας: Onetti, Juan Carlos 1909-1994
Μορφή: Βιβλίο
Γλώσσα:Spanish
Δημοσίευση: Barcelona : Bruguera, 1981
Σειρά:Libro amigo
Θέματα:
Ετικέτες: Προσθήκη ετικέτας
Δεν υπάρχουν, Καταχωρήστε ετικέτα πρώτοι!

MARC

LEADER 00000cam a2200000 i 4500
001 1/19870
008 120524s1981 spa d
020 |a 84-02-07992-X 
035 |l 10112587 
040 |a GR-MY-UA  |b gre  |e aacr 
041 0 |a spa 
082 0 |a 863  |2 (22) 
100 1 |a Onetti, Juan Carlos  |d 1909-1994. 
245 1 3 |a El astillero /  |c Juan Carlos Onetti 
260 |a Barcelona :   |b Bruguera,   |c 1981 
300 |a 239 σ.;  |c 18 εκ. 
490 1 |a Libro amigo 
650 0 0 |a Uruguayan fiction  |y 20th century. 
830 0 |a Libro amigo 
852 |a INST  |b SYROS  |e 20120524  |h 863 ONE  |p 005500010082  |q 005500010082  |t BK  |y 0 
901 |a BIBL5-2012-1 
909 |a Ε  |b 169964 
970 |a ΤΣΟΥΚΑΛΑ  |b ΑΛΙΚΗ  |z 2012/05/23